| 000 | 00481ntaaa2200181 4500 | ||
|---|---|---|---|
| 003 | 01 | ||
| 005 | 20251027201618.0 | ||
| 008 | 0714s1973 ag 01 | ||
| 040 |
_aAR-BaBN _bspa _cAR-BaBN _eaacr _dRIC |
||
| 082 | _a248.2700 P97 | ||
| 100 |
_aPurcell, William _914859 |
||
| 245 | _aThe plain man looks at himself | ||
| 250 | _a1 ed. | ||
| 260 |
_aLondon : _bCollins, _cc1960 |
||
| 300 | _a128 p | ||
| 500 | _aUn libro acerca del auto-examen para un cristiano corriente | ||
| 942 | _cBK | ||
| 999 |
_c10756 _d10756 |
||